000
00300nam a22001337a 4500
008
170810b xxu||||| |||| 00| 0 eng d
020
_a
3540197737
041
_a
eng
080
_a
004
100
_a
35
101
_a
SHKI
245
_a
THE PROMISE OF NEURAL NETWORKS
_c
TAYLOR, J,.G
942
_2
udc
_c
BK
999
_c
23204
_d
23204